<?xml version="1.0" encoding="UTF-8"?>
<record
    xmlns:xsi="http://www.w3.org/2001/XMLSchema-instance"
    xsi:schemaLocation="http://www.loc.gov/MARC21/slim http://www.loc.gov/standards/marcxml/schema/MARC21slim.xsd"
    xmlns="http://www.loc.gov/MARC21/slim">

  <leader>01499nam a22003135i 4500</leader>
  <datafield tag="999" ind1=" " ind2=" ">
    <subfield code="c">28980</subfield>
    <subfield code="d">28951</subfield>
  </datafield>
  <controlfield tag="003">EG-ScBUE</controlfield>
  <controlfield tag="005">20201021105517.0</controlfield>
  <controlfield tag="008">200219s1971    ua     f      001 0 ara d</controlfield>
  <datafield tag="017" ind1=" " ind2=" ">
    <subfield code="a">1971 / 5919</subfield>
  </datafield>
  <datafield tag="040" ind1=" " ind2=" ">
    <subfield code="a">EG-ScBUE</subfield>
    <subfield code="b">ara</subfield>
    <subfield code="e">rda</subfield>
    <subfield code="c">EG-ScBUE</subfield>
    <subfield code="d">EG-ScBUE</subfield>
  </datafield>
  <datafield tag="041" ind1="1" ind2=" ">
    <subfield code="a">ara</subfield>
    <subfield code="h">heb</subfield>
  </datafield>
  <datafield tag="082" ind1="0" ind2="4">
    <subfield code="a">328.5694</subfield>
    <subfield code="b">&#x645; &#x62D; &#x627;</subfield>
    <subfield code="2">22</subfield>
  </datafield>
  <datafield tag="110" ind1="1" ind2=" ">
    <subfield code="a">&#x625;&#x633;&#x631;&#x627;&#x626;&#x64A;&#x644;.</subfield>
    <subfield code="b">&#x627;&#x644;&#x643;&#x646;&#x64A;&#x633;&#x62A;</subfield>
  </datafield>
  <datafield tag="245" ind1="1" ind2="0">
    <subfield code="a">&#x645;&#x62D;&#x627;&#x636;&#x631; &#x627;&#x644;&#x643;&#x646;&#x64A;&#x633;&#x62A; :</subfield>
    <subfield code="b">&#x646;&#x635;&#x648;&#x635; &#x645;&#x62E;&#x62A;&#x627;&#x631;&#x629; &#x645;&#x646; &#x645;&#x62D;&#x627;&#x636;&#x631; &#x627;&#x644;&#x643;&#x646;&#x64A;&#x633;&#x62A; &#x627;&#x644;&#x633;&#x627;&#x62F;&#x633;&#x60C; &#x627;&#x644;&#x62F;&#x648;&#x631;&#x629; &#x627;&#x644;&#x62B;&#x627;&#x646;&#x64A;&#x629;&#x60C; &#x627;&#x644;&#x633;&#x646;&#x629; &#x627;&#x644;&#x639;&#x628;&#x631;&#x64A;&#x629; 5727 (1966/9/15 - 1967/10/4) /</subfield>
    <subfield code="c">&#x645;&#x62A;&#x631;&#x62C;&#x645; &#x639;&#x646; &#x627;&#x644;&#x639;&#x628;&#x631;&#x64A;&#x629; &#x61B; &#x62A;&#x642;&#x62F;&#x64A;&#x645; &#x645;&#x62D;&#x645;&#x62F; &#x62D;&#x633;&#x646;&#x64A;&#x646; &#x647;&#x64A;&#x643;&#x644;.</subfield>
  </datafield>
  <datafield tag="250" ind1=" " ind2=" ">
    <subfield code="a">&#x627;&#x644;&#x637;&#x628;&#x639;&#x629; &#x627;&#x644;&#x623;&#x648;&#x644;&#x649;.</subfield>
  </datafield>
  <datafield tag="264" ind1=" " ind2="1">
    <subfield code="a">&#x627;&#x644;&#x642;&#x627;&#x647;&#x631;&#x629; :</subfield>
    <subfield code="b">&#x645;&#x631;&#x643;&#x632; &#x627;&#x644;&#x62F;&#x631;&#x627;&#x633;&#x627;&#x62A; &#x627;&#x644;&#x641;&#x644;&#x633;&#x637;&#x64A;&#x646;&#x64A;&#x629; &#x648;&#x627;&#x644;&#x635;&#x647;&#x64A;&#x648;&#x646;&#x64A;&#x629; &#x628;&#x627;&#x644;&#x623;&#x647;&#x631;&#x627;&#x645; &#x61B;</subfield>
    <subfield code="a">&#x628;&#x64A;&#x631;&#x648;&#x62A; :</subfield>
    <subfield code="b">&#x645;&#x624;&#x633;&#x633;&#x629; &#x627;&#x644;&#x62F;&#x631;&#x627;&#x633;&#x627;&#x62A; &#x627;&#x644;&#x641;&#x644;&#x633;&#x637;&#x64A;&#x646;&#x64A;&#x629;&#x60C;</subfield>
    <subfield code="c">1971.</subfield>
  </datafield>
  <datafield tag="300" ind1=" " ind2=" ">
    <subfield code="a">1020 &#x635;&#x641;&#x62D;&#x629; &#x61B;</subfield>
    <subfield code="c">24 &#x633;&#x645;</subfield>
  </datafield>
  <datafield tag="336" ind1=" " ind2=" ">
    <subfield code="a">&#x646;&#x635;</subfield>
    <subfield code="b">txt</subfield>
    <subfield code="2">rdacontent</subfield>
  </datafield>
  <datafield tag="337" ind1=" " ind2=" ">
    <subfield code="a">&#x628;&#x62F;&#x648;&#x646; &#x648;&#x633;&#x64A;&#x637;</subfield>
    <subfield code="b">n</subfield>
    <subfield code="2">rdamedia</subfield>
  </datafield>
  <datafield tag="338" ind1=" " ind2=" ">
    <subfield code="a">&#x645;&#x62C;&#x644;&#x62F;</subfield>
    <subfield code="b">nc</subfield>
    <subfield code="2">rdacarrier</subfield>
  </datafield>
  <datafield tag="490" ind1="0" ind2=" ">
    <subfield code="a">&#x633;&#x644;&#x633;&#x644;&#x629; &#x645;&#x62D;&#x627;&#x636;&#x631; &#x627;&#x644;&#x643;&#x646;&#x64A;&#x633;&#x62A; &#x61B;</subfield>
    <subfield code="v">1</subfield>
  </datafield>
  <datafield tag="500" ind1=" " ind2=" ">
    <subfield code="a">&#x64A;&#x634;&#x62A;&#x645;&#x644; &#x639;&#x644;&#x649; &#x643;&#x634;&#x627;&#x641;.</subfield>
  </datafield>
  <datafield tag="546" ind1=" " ind2=" ">
    <subfield code="a">&#x627;&#x644;&#x646;&#x635; &#x628;&#x627;&#x644;&#x644;&#x63A;&#x629; &#x627;&#x644;&#x639;&#x631;&#x628;&#x64A;&#x629; &#x61B; &#x645;&#x62A;&#x631;&#x62C;&#x645; &#x645;&#x646; &#x627;&#x644;&#x644;&#x63A;&#x629; &#x627;&#x644;&#x639;&#x628;&#x631;&#x64A;&#x629;.</subfield>
  </datafield>
  <datafield tag="650" ind1=" " ind2="7">
    <subfield code="a">&#x627;&#x644;&#x635;&#x631;&#x627;&#x639; &#x627;&#x644;&#x639;&#x631;&#x628;&#x64A; &#x627;&#x644;&#x625;&#x633;&#x631;&#x627;&#x626;&#x64A;&#x644;&#x64A;.</subfield>
    <subfield code="2">BUEsh</subfield>
  </datafield>
  <datafield tag="651" ind1=" " ind2="7">
    <subfield code="a">&#x625;&#x633;&#x631;&#x627;&#x626;&#x64A;&#x644;</subfield>
    <subfield code="x">&#x633;&#x64A;&#x627;&#x633;&#x629; &#x648;&#x62D;&#x643;&#x648;&#x645;&#x629;</subfield>
    <subfield code="y">1993-1967.</subfield>
    <subfield code="2">BUEsh</subfield>
  </datafield>
  <datafield tag="653" ind1=" " ind2=" ">
    <subfield code="b">BUSBOL</subfield>
    <subfield code="c">October2020</subfield>
  </datafield>
  <datafield tag="700" ind1="1" ind2=" ">
    <subfield code="a">&#x647;&#x64A;&#x643;&#x644;&#x60C; &#x645;&#x62D;&#x645;&#x62F; &#x62D;&#x633;&#x646;&#x64A;&#x646;&#x60C;</subfield>
    <subfield code="e">&#x645;&#x642;&#x62F;&#x645;.</subfield>
  </datafield>
  <datafield tag="942" ind1=" " ind2=" ">
    <subfield code="2">ddc</subfield>
  </datafield>
  <datafield tag="952" ind1=" " ind2=" ">
    <subfield code="0">0</subfield>
    <subfield code="1">0</subfield>
    <subfield code="2">ddc</subfield>
    <subfield code="4">0</subfield>
    <subfield code="7">0</subfield>
    <subfield code="8">Donation-G</subfield>
    <subfield code="a">MAIN</subfield>
    <subfield code="b">MAIN</subfield>
    <subfield code="c">1ST</subfield>
    <subfield code="d">2020-10-21</subfield>
    <subfield code="e">Donation</subfield>
    <subfield code="o">328.5694 &#x645; &#x62D; &#x627;</subfield>
    <subfield code="p">000050030</subfield>
    <subfield code="r">2025-10-25 00:00:00</subfield>
    <subfield code="y">BB</subfield>
  </datafield>
</record>
